[Event "?"]
[Site "?"]
[Date "????.??.??"]
[Round "?"]
[White "Wiemer, J."]
[Black "Hellwege, W."]
[Result "1-0"]
[WhiteElo "2136"]
[BlackElo "2000"]
[Annotator "098"]
[PlyCount "141"]
[EventDate "2010.??.??"]
[WhiteTeam "Mecklenburg-Vorp.1"]
[BlackTeam "FB Niedersachsen"]

1. e4 c5 2. c3 g6 3. Nf3 Bg7 4. Bc4 Nc6 5. O-O d6 6. Re1 Nf6 7. h3 O-O 8. d4
cxd4 9. Nxd4 Qc7 10. Bb3 a6 11. Nd2 Bd7 12. Nf1 Na5 13. Bc2 b5 14. Ng3 Rac8 15.
Bd3 Nc4 16. Nf3 Rfe8 17. Bf1 Bc6 18. a4 Qb7 19. axb5 axb5 20. b3 Nb6 21. Nd2
Nfd7 22. Bb2 d5 23. Qb1 e5 24. exd5 Nxd5 25. Nde4 Qc7 26. c4 bxc4 27. Bxc4 N7b6
28. Ba6 Ra8 29. Rc1 Nb4 30. Bb5 Rxa1 31. Bxa1 Rc8 32. Bxc6 Nxc6 33. b4 Qe7 34.
Rc5 Nd4 35. Rxc8+ Nxc8 36. Qc1 Na7 37. Bxd4 exd4 38. Qc4 h5 39. h4 Qd7 40. Nc5
Qb5 41. Qxb5 Nxb5 42. Nge4 Kf8 43. Kf1 Ke8 44. Ke2 Ke7 45. Kd3 Kd8 46. Kc4 Na3+
47. Kd5 Nc2 48. Nd3 Kc7 49. Nd6 Bf8 50. Nxf7 Nxb4+ 51. Nxb4 Bxb4 52. Kxd4 Be1
53. Ke3 Bc3 54. Ke4 Bf6 55. Ne5 Bxh4 56. g3 Bd8 57. Nxg6 Kd7 58. f3 Ke8 59. Nf4
h4 60. g4 Kf7 61. Kf5 Bc7 62. Nh3 Bg3 63. g5 Kg7 64. Kg4 Be1 65. f4 Kg6 66. f5+
Kg7 67. f6+ Kf7 68. Nf4 Bd2 69. Kf5 Bc3 70. g6+ Kg8 71. f7+ 1-0

[Event "?"]
[Site "?"]
[Date "????.??.??"]
[Round "?"]
[White "Jürgens, P."]
[Black "Krüger, G."]
[Result "1/2-1/2"]
[WhiteElo "2014"]
[BlackElo "2019"]
[Annotator "099"]
[PlyCount "50"]
[EventDate "2010.??.??"]
[WhiteTeam "FB Niedersachsen"]
[BlackTeam "Mecklenburg-Vorp.1"]

1. d4 d5 2. Bf4 Nf6 3. e3 e6 4. Nf3 c6 5. Nbd2 Bd6 6. Bxd6 Qxd6 7. c4 Nbd7 8.
Bd3 O-O 9. O-O b6 10. cxd5 Nxd5 11. a3 c5 12. Ne4 Qe7 13. dxc5 Nxc5 14. Nxc5
Qxc5 15. Rc1 Qe7 16. Qa4 Bd7 17. Qd4 Rac8 18. Ba6 Rxc1 19. Rxc1 Rd8 20. h3 Be8
21. Rd1 Rd7 22. Ne5 Rc7 23. Nd3 Qf6 24. Qxf6 Nxf6 25. Nb4 Kf8 1/2-1/2

[Event "?"]
[Site "?"]
[Date "????.??.??"]
[Round "?"]
[White "Schroeder, C."]
[Black "Fritsch, J."]
[Result "0-1"]
[WhiteElo "2071"]
[BlackElo "1949"]
[Annotator "100"]
[PlyCount "98"]
[EventDate "2010.??.??"]
[WhiteTeam "Mecklenburg-Vorp.1"]
[BlackTeam "FB Niedersachsen"]

1. d4 d5 2. Nf3 Nf6 3. e3 c6 4. c4 Bf5 5. Nc3 e6 6. Be2 Nbd7 7. O-O Ne4 8. Nxe4
Bxe4 9. Bd2 Bd6 10. a3 O-O 11. Bb4 Bxb4 12. axb4 dxc4 13. Bxc4 Nb6 14. Be2 a6
15. Nd2 Bg6 16. Nb3 Qe7 17. Nc5 Rab8 18. Qb3 e5 19. dxe5 Qxe5 20. Rfd1 Be4 21.
Qc3 Qe7 22. Rd4 Bg6 23. Rad1 Nd5 24. Qd2 Nf6 25. f3 h6 26. e4 Rfe8 27. Qf4 a5
28. Qd2 b5 29. Nd3 a4 30. Nc5 Rbc8 31. g3 Rc7 32. Bf1 Ra8 33. Qc3 Kh7 34. Bg2
Rca7 35. Qa3 Ne8 36. Rd7 Qf6 37. f4 Bh5 38. R1d2 Bg4 39. e5 Qg6 40. Rxa7 Rxa7
41. h3 Qb1+ 42. Kh2 Bf5 43. Bxc6 Qe1 44. Rg2 Nc7 45. Bf3 Ne6 46. Re2 Qf1 47.
Rg2 Nd4 48. Be4 Bxe4 49. Nxe4 Nf3+ 0-1

[Event "?"]
[Site "?"]
[Date "????.??.??"]
[Round "?"]
[White "Pamperin, G."]
[Black "Wünsch, U."]
[Result "1-0"]
[WhiteElo "2007"]
[BlackElo "2101"]
[Annotator "101"]
[PlyCount "65"]
[EventDate "2010.??.??"]
[WhiteTeam "Mecklenburg-Vorp 2"]
[BlackTeam "Dresdner Springer"]

1. d4 Nf6 2. c4 e6 3. Bg5 h6 4. Bh4 Bb4+ 5. Nc3 c5 6. e3 O-O 7. Bd3 d6 8. Nge2
e5 9. dxe5 dxe5 10. O-O g5 11. Bg3 Nc6 12. Qc2 Be6 13. Rad1 Nd7 14. Bf5 Qf6 15.
Bxe6 Qxe6 16. Nd5 Ba5 17. Nec3 Rae8 18. f3 f5 19. Bf2 Rf7 20. a3 a6 21. Qa4 Bd8
22. b4 cxb4 23. axb4 e4 24. fxe4 fxe4 25. Bg3 Ref8 26. Rxf7 Rxf7 27. Qc2 a5 28.
c5 Nxb4 29. Qxe4 Qxe4 30. Nxe4 Kg7 31. Nd6 Nxd5 32. Nxf7 Nxe3 33. Rxd7 1-0

[Event "?"]
[Site "?"]
[Date "????.??.??"]
[Round "?"]
[White "Kühn, P."]
[Black "Bußler, J."]
[Result "0-1"]
[WhiteElo "2019"]
[BlackElo "2045"]
[Annotator "103"]
[PlyCount "118"]
[EventDate "2010.??.??"]
[WhiteTeam "Mecklenburg-Vorp 2"]
[BlackTeam "Dresdner Springer"]

1. e4 e5 2. Nf3 Nc6 3. d4 exd4 4. Nxd4 Nxd4 5. Qxd4 Qf6 6. e5 Qb6 7. Qxb6 axb6
8. Bc4 b5 9. Bd3 c6 10. O-O Bc5 11. Nc3 Ne7 12. Ne4 Bd4 13. Nd6+ Kf8 14. Re1
Ng6 15. c3 Bxe5 16. Nxc8 Bc7 17. Bxg6 hxg6 18. Ne7 Bxh2+ 19. Kf1 Bc7 20. Nxg6+
fxg6 21. Be3 Rh1+ 22. Ke2 Rxe1+ 23. Kxe1 Be5 24. Kd2 Kf7 25. Kc2 Ra4 26. f4 Bc7
27. a3 Re4 28. Kd3 d5 29. Rf1 Ke6 30. g4 Bd6 31. b4 Be7 32. f5+ Kf7 33. fxg6+
Kxg6 34. Rg1 Bd8 35. Rg2 Bc7 36. Bc5 Bf4 37. Rf2 Kg5 38. Bf8 g6 39. Rg2 Be5 40.
Be7+ Bf6 41. Bc5 Rxg4 42. Be3+ Kf5 43. Rf2+ Ke6 44. Rf3 Rg2 45. Rh3 g5 46. Rh7
Rg3 47. Rxb7 Bxc3 48. Kxc3 Rxe3+ 49. Kd4 Rxa3 50. Rc7 Kd6 51. Rg7 Rg3 52. Rg6+
Kc7 53. Rg7+ Kb6 54. Rg8 Rg4+ 55. Kc3 Rc4+ 56. Kb3 g4 57. Rb8+ Kc7 58. Rg8 Kd6
59. Rg6+ Ke5 0-1

[Event "?"]
[Site "?"]
[Date "????.??.??"]
[Round "?"]
[White "Bec, D."]
[Black "Segebarth, B."]
[Result "1-0"]
[WhiteElo "2035"]
[BlackElo "1930"]
[Annotator "104"]
[PlyCount "73"]
[EventDate "2010.??.??"]
[WhiteTeam "Dresdner Springer"]
[BlackTeam "Mecklenburg-Vorp 2"]

1. d4 e6 2. c4 Bb4+ 3. Bd2 Bxd2+ 4. Qxd2 f5 5. Nc3 Nf6 6. g3 d6 7. Bg2 Nbd7 8.
e4 fxe4 9. Nxe4 Nxe4 10. Bxe4 Nf6 11. Bg2 O-O 12. f4 Rb8 13. Nf3 b6 14. O-O Bb7
15. Rfe1 Ne4 16. Qc2 d5 17. Rad1 Qf6 18. Ne5 Qe7 19. cxd5 exd5 20. Nc6 Bxc6 21.
Qxc6 Qf7 22. Rc1 Rbc8 23. Bh3 Kh8 24. Be6 Qf6 25. Qxd5 Nd2 26. Bxc8 Rxc8 27.
Rcd1 c6 28. Qd7 Nf3+ 29. Kf2 Rf8 30. Kxf3 g5 31. Qe6 Qd8 32. Qe5+ Kg8 33. f5
Qa8 34. g4 c5+ 35. Qe4 Qb8 36. Qe6+ Kh8 37. Qe5+ 1-0

[Event "?"]
[Site "?"]
[Date "????.??.??"]
[Round "?"]
[White "Perman, T."]
[Black "Ghijsen, P."]
[Result "1/2-1/2"]
[WhiteElo "2055"]
[BlackElo "2171"]
[Annotator "105"]
[PlyCount "50"]
[EventDate "2010.??.??"]
[WhiteTeam "Botnia"]
[BlackTeam "V.A.S. Amsterdam"]

1. c4 Nf6 2. Nc3 c6 3. e4 d6 4. d4 e5 5. Nf3 Nbd7 6. g3 g6 7. Bg2 Bg7 8. dxe5
dxe5 9. O-O Qc7 10. h3 O-O 11. Be3 Re8 12. Rc1 Nf8 13. Qa4 N6d7 14. c5 Ne6 15.
Qc4 b5 16. cxb6 axb6 17. Rfd1 Ndc5 18. Qe2 Ba6 19. Qc2 Rad8 20. Bxc5 Nxc5 21.
Bf1 Qc8 22. Rxd8 Rxd8 23. Rd1 Rxd1 24. Qxd1 Bxf1 25. Qxf1 b5 1/2-1/2

[Event "?"]
[Site "?"]
[Date "????.??.??"]
[Round "?"]
[White "Rantanen, V."]
[Black "Van Dongen, R."]
[Result "1/2-1/2"]
[WhiteElo "2004"]
[BlackElo "1940"]
[Annotator "107"]
[PlyCount "66"]
[EventDate "2010.??.??"]
[WhiteTeam "Botnia"]
[BlackTeam "V.A.S. Amsterdam"]

1. e4 e6 2. d4 d5 3. Nd2 dxe4 4. Nxe4 Nd7 5. Nf3 Ngf6 6. Nxf6+ Nxf6 7. Bd3 b6
8. Bb5+ Bd7 9. Bxd7+ Nxd7 10. Bf4 Bd6 11. Bxd6 cxd6 12. O-O O-O 13. Qd2 Rc8 14.
Rfe1 d5 15. c3 Nf6 16. Ne5 Ne4 17. Qf4 Qf6 18. Qxf6 Nxf6 19. f3 Rc7 20. Re2
Rfc8 21. Nd3 Nd7 22. Rae1 Kf8 23. f4 g6 24. g4 Nf6 25. Nf2 Re8 26. h3 h5 27.
Kg2 Rcc8 28. Kf3 Kg7 29. g5 Ng8 30. Nd3 Ne7 31. Nb4 a5 32. Nc2 Nf5 33. Ne3 Nxe3
1/2-1/2

[Event "?"]
[Site "?"]
[Date "????.??.??"]
[Round "?"]
[White "Holsteijn, G."]
[Black "Runonen, R."]
[Result "1-0"]
[WhiteElo "2008"]
[BlackElo "1782"]
[Annotator "108"]
[PlyCount "113"]
[EventDate "2010.??.??"]
[WhiteTeam "V.A.S. Amsterdam"]
[BlackTeam "Botnia"]

1. d4 g6 2. c4 c5 3. d5 d6 4. Nc3 Bg7 5. g3 Nf6 6. Bg2 O-O 7. Qc2 Nbd7 8. Bf4
Rb8 9. Nf3 a6 10. a4 Nh5 11. Bg5 h6 12. Bd2 Ne5 13. Nxe5 dxe5 14. Be3 b6 15.
Bf3 Nf6 16. Qd2 Kh7 17. O-O Ng4 18. Bxg4 Bxg4 19. a5 f5 20. Na4 f4 21. gxf4
exf4 22. Bxf4 e5 23. Bg3 h5 24. f3 Bh3 25. Rf2 h4 26. axb6 hxg3 27. hxg3 Bh6
28. Qc3 Qg5 29. Kh2 Qe3 30. Qe1 Bd7 31. Ra3 Qd4 32. e4 Bxa4 33. Rxa4 Rxb6 34.
b3 Rxb3 35. Rxa6 Rb2 36. Ra7+ Bg7 37. Kg2 Rxf2+ 38. Qxf2 Qxc4 39. Rc7 Qd4 40.
Rxc5 Qa1 41. Qd2 Qa3 42. Rc3 Qb4 43. Rd3 Qd6 44. Rc3 Rb8 45. Rc6 Qa3 46. Qg5
Qf8 47. Qxg6+ Kg8 48. Rc7 Rb3 49. Qe6+ Kh7 50. Qh3+ Kg6 51. Rc6+ Bf6 52. Qf5+
Kg7 53. Rc7+ Qf7 54. Rxf7+ Kxf7 55. d6 Rd3 56. Qd7+ Kg6 57. Qe8+ 1-0

[Event "?"]
[Site "?"]
[Date "????.??.??"]
[Round "?"]
[White "Nordenström, S."]
[Black "Weidlich, G."]
[Result "1-0"]
[WhiteElo "1961"]
[BlackElo "2198"]
[Annotator "109"]
[PlyCount "43"]
[EventDate "2010.??.??"]
[WhiteTeam "Schweden 4"]
[BlackTeam "SV Dresden-Leuben"]

1. e4 g6 2. Nc3 Bg7 3. d3 c5 4. f4 Nc6 5. Nf3 d6 6. g3 e6 7. Bg2 Nge7 8. O-O
O-O 9. Ne2 f5 10. c3 Rb8 11. Be3 b6 12. Nh4 Kh8 13. Qd2 e5 14. d4 fxe4 15. fxe5
Rxf1+ 16. Rxf1 cxd4 17. exd6 Nf5 18. Nxf5 gxf5 19. Nxd4 Qxd6 20. Nxc6 Qxc6 21.
Qd8+ Bf8 22. Qxf8# 1-0

[Event "?"]
[Site "?"]
[Date "????.??.??"]
[Round "?"]
[White "Bodach, H."]
[Black "Nystrom, R."]
[Result "0-1"]
[WhiteElo "2103"]
[BlackElo "1980"]
[Annotator "110"]
[PlyCount "50"]
[EventDate "2010.??.??"]
[WhiteTeam "SV Dresden-Leuben"]
[BlackTeam "Schweden 4"]

1. e4 e6 2. d4 d5 3. Nd2 Nf6 4. Bd3 c5 5. e5 Nfd7 6. c3 Nc6 7. Ne2 Qb6 8. Nf3
cxd4 9. cxd4 f6 10. exf6 Nxf6 11. O-O Bd6 12. b3 O-O 13. Bg5 Bd7 14. Bh4 Rae8
15. Qb1 e5 16. Bg3 Nxd4 17. Nfxd4 exd4 18. Bxd6 Qxd6 19. Nxd4 Ng4 20. g3 Qh6
21. h4 Rxf2 22. Bxh7+ Kh8 23. Rxf2 Qe3 24. Qb2 Qxg3+ 25. Rg2 Re1+ 0-1

[Event "?"]
[Site "?"]
[Date "????.??.??"]
[Round "?"]
[White "Rozov, B."]
[Black "Gummesson, I."]
[Result "1-0"]
[WhiteElo "2174"]
[BlackElo "1863"]
[Annotator "112"]
[PlyCount "91"]
[EventDate "2010.??.??"]
[WhiteTeam "SV Dresden-Leuben"]
[BlackTeam "Schweden 4"]

1. d4 Nf6 2. Nc3 e6 3. e4 Bb4 4. Bd3 O-O 5. Bg5 h6 6. Bh4 d6 7. e5 dxe5 8. dxe5
g5 9. exf6 Qxf6 10. Bg3 Bxc3+ 11. bxc3 Qxc3+ 12. Kf1 Nd7 13. Qe1 Qc5 14. h4 g4
15. Qe4 Nf6 16. Qe3 Qxe3 17. fxe3 Nd5 18. Kf2 Bd7 19. Rb1 Bc6 20. Ne2 f5 21.
Be5 Rf7 22. c4 Nb6 23. Nd4 Be4 24. Bxe4 fxe4+ 25. Ke2 Nxc4 26. Bg3 e5 27. Ne6
c6 28. Nc5 b6 29. Nxe4 Raf8 30. Rbc1 b5 31. Nd2 Na5 32. Rhf1 Re8 33. Ne4 Re6
34. Rxf7 Kxf7 35. Rc5 Nc4 36. Nd2 Nxd2 37. Kxd2 Kf6 38. e4 a5 39. Kc2 Ke7 40.
Rxe5 Rxe5 41. Bxe5 c5 42. h5 Kf7 43. Bf4 Kg7 44. e5 a4 45. Bxh6+ Kxh6 46. e6
1-0

[Event "?"]
[Site "?"]
[Date "????.??.??"]
[Round "?"]
[White "Morant, P."]
[Black "Goy, U."]
[Result "1-0"]
[WhiteElo "2194"]
[BlackElo "2232"]
[Annotator "113"]
[PlyCount "183"]
[EventDate "2010.??.??"]
[WhiteTeam "TuTS"]
[BlackTeam "Mattadore Rheinld"]

1. e4 c6 2. d4 g6 3. c4 Bg7 4. Nc3 d6 5. Be3 Nf6 6. f3 e5 7. Nge2 Nbd7 8. Qd2
O-O 9. d5 cxd5 10. Nxd5 Nxd5 11. Qxd5 Nb6 12. Qb5 Be6 13. Nc3 Bh6 14. Bf2 Rc8
15. b3 f5 16. Rd1 Qe7 17. Qb4 Rfd8 18. Nb5 fxe4 19. fxe4 Rc5 20. Be2 Rf8 21.
Bf3 Nc8 22. Bxc5 dxc5 23. Qc3 a6 24. Na3 Na7 25. O-O Nc6 26. Nc2 Qg5 27. Kh1
Rf4 28. g3 Rf7 29. Bg2 Qh5 30. Rxf7 Qxd1+ 31. Rf1 Qh5 32. Qf3 Qxf3 33. Bxf3 Kg7
34. Kg2 Bg5 35. h4 Bh6 36. Bd1 Bd2 37. Rf3 Nd4 38. Rd3 Ba5 39. Ne3 h5 40. g4
Bd8 41. Kg3 Kh6 42. gxh5 gxh5 43. Bf3 Kg6 44. Rd2 b6 45. Rf2 b5 46. Rf1 b4 47.
Rf2 a5 48. Bg2 Bd7 49. Bh3 Bc6 50. Bf5+ Kg7 51. Kh3 a4 52. bxa4 Bxa4 53. Rg2+
Kf8 54. Rg6 Ne2 55. Ra6 Nc3 56. Ra8 Ke8 57. Bg6+ Kd7 58. Bxh5 Bc6 59. Ra7+ Kc8
60. Bg4+ Kb8 61. Ra6 Bb7 62. Re6 Nxa2 63. Rxe5 b3 64. Nd1 Ba6 65. Nb2 Ba5 66.
Bd1 Nc1 67. Re8+ Kc7 68. Re5 Bb4 69. h5 Ba3 70. Na4 Nd3 71. Re7+ Kd6 72. Re8
Nf2+ 73. Kg2 Nxd1 74. Rd8+ Ke7 75. Rxd1 Bxc4 76. h6 Bg8 77. Rh1 Bh7 78. Kf3 c4
79. Rg1 Kf6 80. Rg7 Bg6 81. e5+ Kf5 82. h7 Bxh7 83. Rxh7 Kxe5 84. Ke2 Kd5 85.
Kd2 Bb4+ 86. Nc3+ Kc5 87. Rc7+ Kd4 88. Rd7+ Kc5 89. Rd5+ Kc6 90. Rd8 Kc5 91.
Rb8 Ba3 92. Na4+ 1-0

[Event "?"]
[Site "?"]
[Date "????.??.??"]
[Round "?"]
[White "Krebs, D."]
[Black "Suominen, A."]
[Result "1/2-1/2"]
[WhiteElo "2123"]
[BlackElo "1877"]
[Annotator "114"]
[PlyCount "88"]
[EventDate "2010.??.??"]
[WhiteTeam "Mattadore Rheinld"]
[BlackTeam "TuTS"]

1. e4 c5 2. Nf3 d6 3. d4 cxd4 4. Nxd4 Nf6 5. Nc3 g6 6. Be3 Bg7 7. Be2 a6 8. Qd2
b5 9. f3 Bd7 10. Bh6 Bxh6 11. Qxh6 Qa5 12. Qd2 Nc6 13. Nxc6 Bxc6 14. O-O O-O
15. Rfd1 Qb6+ 16. Kh1 Rac8 17. a3 Rfd8 18. Qd4 Qc5 19. Rd2 Qxd4 20. Rxd4 Rd7
21. Rad1 Rdc7 22. R1d2 Bb7 23. Bd1 Nh5 24. g3 Ng7 25. a4 Ne6 26. Rb4 Rc4 27.
Rxc4 bxc4 28. Be2 f5 29. exf5 gxf5 30. Nd5 Kf8 31. Kg2 Bxd5 32. Rxd5 Kg7 33. f4
Kf6 34. c3 Rb8 35. Rd2 Nc5 36. Bxc4 Nxa4 37. Bxa6 Nxb2 38. Be2 Na4 39. c4 Nc5
40. Bf3 Rb4 41. Be2 Rb3 42. Rc2 Rb4 43. Kf3 Rb3+ 44. Kg2 Rb4 1/2-1/2

[Event "?"]
[Site "?"]
[Date "????.??.??"]
[Round "?"]
[White "Ketonen, T."]
[Black "Neumann, H."]
[Result "1/2-1/2"]
[WhiteElo "1914"]
[BlackElo "1982"]
[Annotator "115"]
[PlyCount "103"]
[EventDate "2010.??.??"]
[WhiteTeam "TuTS"]
[BlackTeam "Mattadore Rheinld"]

1. e4 c6 2. Nc3 d5 3. d4 e6 4. a3 Nd7 5. Nf3 Ne7 6. h4 dxe4 7. Nxe4 Nf5 8. c3
Be7 9. h5 Nf6 10. Qc2 Nxe4 11. Qxe4 Qd5 12. Qc2 h6 13. Bd3 Bf6 14. Bf4 Ne7 15.
Be4 Qd8 16. g4 Nd5 17. Bd2 Bd7 18. O-O-O Rc8 19. Rdg1 b5 20. g5 hxg5 21. Bxg5
a5 22. Bxf6 Qxf6 23. Kb1 b4 24. axb4 axb4 25. c4 Nf4 26. Rg5 g6 27. Qd2 Rxh5
28. Rhxh5 Nxh5 29. Qxb4 Qf4 30. Qe1 Nf6 31. Re5 Ng4 32. Ra5 f5 33. Nd2 Nxf2 34.
Bc2 Qxd4 35. Nb3 Nd3 36. Nxd4 Nxe1 37. Bd1 Nd3 38. Kc2 Nf4 39. Nf3 Ke7 40. Ra7
c5 41. Ne5 Rd8 42. Kd2 Ke8 43. Ke3 g5 44. Nxd7 Kf7 45. Nxc5+ Kf6 46. Bc2 Ng2+
47. Kf3 Ne1+ 48. Kg3 Nxc2 49. Nd7+ Ke7 50. Ne5+ Ke8 51. Rg7 Rd2 52. Rxg5
1/2-1/2

[Event "?"]
[Site "?"]
[Date "????.??.??"]
[Round "?"]
[White "Paulsen, E."]
[Black "Almi, O."]
[Result "0-1"]
[WhiteElo "1868"]
[BlackElo "1792"]
[Annotator "116"]
[PlyCount "66"]
[EventDate "2010.??.??"]
[WhiteTeam "Mattadore Rheinld"]
[BlackTeam "TuTS"]

1. c4 c5 2. g3 Nf6 3. Bg2 g6 4. Nc3 Bg7 5. e3 Nc6 6. Nge2 d6 7. d3 Bd7 8. O-O
Qc7 9. a3 h5 10. d4 cxd4 11. exd4 b6 12. Ne4 Rb8 13. Re1 O-O 14. Nxf6+ Bxf6 15.
Bh6 Rfe8 16. Rc1 Kh7 17. Be3 e5 18. d5 Ne7 19. Be4 Bg7 20. b3 Bh3 21. Nc3 f5
22. Bb1 Bh6 23. Qd2 f4 24. Ne4 fxe3 25. Nf6+ Kh8 26. fxe3 Rf8 27. Ne4 Qd7 28.
Nf2 Bf5 29. Ne4 Bxe4 30. Bxe4 Qg4 31. Bg2 Nf5 32. Rc3 Nd4 33. Qd1 Qxd1 0-1

[Event "?"]
[Site "?"]
[Date "????.??.??"]
[Round "?"]
[White "Ingvason, S."]
[Black "Perk, E."]
[Result "1/2-1/2"]
[WhiteElo "2048"]
[BlackElo "2051"]
[Annotator "117"]
[PlyCount "54"]
[EventDate "2010.??.??"]
[WhiteTeam "Schweden 3"]
[BlackTeam "Widukind 2"]

1. Nf3 Nf6 2. d4 e6 3. c4 d5 4. Nc3 c6 5. g3 Nbd7 6. Bg2 Bd6 7. O-O O-O 8. e4
dxe4 9. Ng5 Bb4 10. Ngxe4 Bxc3 11. Nxc3 Qa5 12. a3 Rd8 13. Qe2 Nf8 14. Rd1 Bd7
15. b4 Qf5 16. Bb2 Rab8 17. Ne4 Nxe4 18. Bxe4 Qg5 19. h4 Qe7 20. d5 f6 21. Bd4
cxd5 22. cxd5 b6 23. d6 Qf7 24. a4 e5 25. Bb2 Be6 26. b5 Nd7 27. Ba3 Nc5
1/2-1/2

[Event "?"]
[Site "?"]
[Date "????.??.??"]
[Round "?"]
[White "Goerden, H."]
[Black "Gustavsson, S."]
[Result "0-1"]
[WhiteElo "1835"]
[BlackElo "2029"]
[Annotator "118"]
[PlyCount "102"]
[EventDate "2010.??.??"]
[WhiteTeam "Widukind 2"]
[BlackTeam "Schweden 3"]

1. e4 c5 2. c4 Nc6 3. Ne2 g6 4. d4 cxd4 5. Nxd4 Bg7 6. Be3 Nf6 7. Nc3 Ng4 8.
Qxg4 Nxd4 9. Qd1 Nc6 10. Qd2 O-O 11. Be2 d6 12. O-O Be6 13. Rac1 Qd7 14. Rfd1
Rfd8 15. b3 b6 16. f4 f5 17. Bf3 Rac8 18. Nb5 fxe4 19. Bxe4 Bf5 20. Bxc6 Rxc6
21. Nxa7 Rc7 22. Nb5 Rb7 23. Qf2 Rdb8 24. Bd4 Bxd4 25. Qxd4 Rf8 26. Nc3 Be6 27.
a4 Qc6 28. Re1 Bf7 29. Nd5 Re8 30. Rcd1 Qc5 31. Kf1 Qxd4 32. Rxd4 Kg7 33. g3
Bxd5 34. Rxd5 Rc8 35. Kg2 Rc5 36. Rd4 Rbc7 37. Kf3 Kf6 38. g4 h5 39. h3 R7c6
40. Red1 Rc8 41. Rd5 hxg4+ 42. hxg4 Rh8 43. Kg3 Ke6 44. R5d4 Rh7 45. Ra1 Rc8
46. a5 bxa5 47. Rxa5 Rch8 48. Re4+ Kd7 49. f5 g5 50. Ra7+ Kc6 51. Raxe7 Rh2 0-1

[Event "?"]
[Site "?"]
[Date "????.??.??"]
[Round "?"]
[White "Sandklef, A."]
[Black "Kluger, H."]
[Result "1-0"]
[WhiteElo "2009"]
[BlackElo "1960"]
[Annotator "119"]
[PlyCount "129"]
[EventDate "2010.??.??"]
[WhiteTeam "Schweden 3"]
[BlackTeam "Widukind 2"]

1. d4 d5 2. c4 c6 3. Nf3 Nf6 4. e3 Bg4 5. Nc3 e6 6. Bd3 Bd6 7. h3 Bh5 8. O-O
O-O 9. b3 Nbd7 10. Bb2 h6 11. Rc1 Nh7 12. Qc2 Ng5 13. Nxg5 Qxg5 14. f4 Qg3 15.
Qf2 Qxf2+ 16. Rxf2 f5 17. c5 Be7 18. Kh2 g5 19. g3 Kf7 20. Rcf1 Ke8 21. b4 Nf6
22. b5 Kd7 23. Ba3 Be8 24. Rb1 Kc7 25. Rfb2 Kc8 26. Bb4 Bd8 27. bxc6 Bxc6 28.
Nb5 Ne4 29. Bxe4 Bxb5 30. c6 Rf7 31. cxb7+ Rxb7 32. Bf3 Kd7 33. Bc5 Kc6 34. Bf8
Rab8 35. Bxh6 g4 36. Bd1 Rh7 37. h4 Rxh6 38. a4 Bd3 39. Rc1+ Bc4 40. Rxb8 Ba5
41. Rc2 Kc7 42. Rbb2 Rh8 43. Be2 Be1 44. Bxc4 dxc4 45. Rxc4+ Kd6 46. Rc5 a5 47.
Rb6+ Kd7 48. Kg2 Re8 49. Rcc6 Bb4 50. Kf2 Ba3 51. Ke2 Bb4 52. Rc4 Ra8 53. Rcc6
Re8 54. h5 Rh8 55. Rxe6 Rc8 56. h6 Rc2+ 57. Kd1 Rd2+ 58. Kc1 Rg2 59. h7 Ba3+
60. Kb1 Rg1+ 61. Ka2 Bd6 62. Rexd6+ Kc7 63. h8=Q Ra1+ 64. Kb3 Ra3+ 65. Kc4 1-0

[Event "?"]
[Site "?"]
[Date "????.??.??"]
[Round "?"]
[White "Hentzschel, E."]
[Black "Ohrn, S."]
[Result "1/2-1/2"]
[WhiteElo "1947"]
[BlackElo "1991"]
[Annotator "120"]
[PlyCount "73"]
[EventDate "2010.??.??"]
[WhiteTeam "Widukind 2"]
[BlackTeam "Schweden 3"]

1. e4 Nf6 2. Nc3 d5 3. exd5 Nxd5 4. Nge2 c6 5. b3 Bf5 6. Bb2 Nd7 7. Nxd5 cxd5
8. Nd4 Bg6 9. f4 e6 10. Qf3 Qc7 11. c4 Be4 12. Qe3 Bc5 13. Nb5 Qd8 14. Bd4 Bxd4
15. Qxd4 O-O 16. d3 Bg6 17. Be2 a6 18. Nc3 Qf6 19. Qxf6 Nxf6 20. O-O dxc4 21.
dxc4 Rfd8 22. Rad1 Kf8 23. Bf3 Rxd1 24. Rxd1 Rb8 25. Rd6 Bh5 26. Kf2 Bxf3 27.
Kxf3 Ke7 28. c5 Rd8 29. Ne4 Nxe4 30. Rxd8 Ng5+ 31. fxg5 Kxd8 32. Ke4 f6 33. h4
Kd7 34. Kd4 Kc6 35. Kc4 e5 36. b4 f5 37. a4 1/2-1/2

[Event "?"]
[Site "?"]
[Date "????.??.??"]
[Round "?"]
[White "Ehlert, J."]
[Black "Deppe, C."]
[Result "1/2-1/2"]
[WhiteElo "2009"]
[BlackElo "1931"]
[Annotator "121"]
[PlyCount "45"]
[EventDate "2010.??.??"]
[WhiteTeam "Stiftg BSW/DBAG 4"]
[BlackTeam "Dresden-Striesen"]

1. e4 c5 2. Nf3 e6 3. d4 cxd4 4. Nxd4 Nf6 5. Bd3 Nc6 6. Nxc6 dxc6 7. O-O e5 8.
h3 h6 9. Nd2 Bc5 10. Nc4 Qe7 11. Be3 O-O 12. Qe2 Re8 13. Rad1 b5 14. Bxc5 Qxc5
15. Ne3 Be6 16. c4 b4 17. b3 g6 18. Kh2 Nh5 19. g3 Ng7 20. Ng4 Bxg4 21. Qxg4
Rad8 22. f4 h5 23. Qf3 1/2-1/2

[Event "?"]
[Site "?"]
[Date "????.??.??"]
[Round "?"]
[White "Barz, H."]
[Black "Kalmutzki, M."]
[Result "1-0"]
[WhiteElo "2030"]
[BlackElo "1954"]
[Annotator "122"]
[PlyCount "103"]
[EventDate "2010.??.??"]
[WhiteTeam "Dresden-Striesen"]
[BlackTeam "Stiftg BSW/DBAG 4"]

1. e4 c5 2. Nf3 e6 3. d4 cxd4 4. Nxd4 Nf6 5. Nc3 d6 6. Bc4 a6 7. Bb3 b5 8. O-O
Be7 9. Qf3 Bb7 10. Bxe6 Nc6 11. Nxc6 Bxc6 12. Bd5 Qc7 13. Re1 O-O 14. Bf4 Rad8
15. Rad1 Rd7 16. Bxc6 Qxc6 17. Re2 Rfd8 18. h3 h6 19. Rde1 b4 20. Nd5 Nxd5 21.
exd5 Qb7 22. Qd3 a5 23. c4 Bf8 24. b3 Re7 25. Qg3 Rxe2 26. Rxe2 Kh7 27. Qd3+
Kg8 28. g4 Qd7 29. Qe3 Rb8 30. c5 Rc8 31. c6 Qc7 32. Kh2 Ra8 33. Qe4 g6 34. h4
Qd8 35. Kh3 Qf6 36. g5 hxg5 37. hxg5 Qf5+ 38. Qxf5 gxf5 39. Kg3 Kg7 40. Be3 Kg6
41. Rc2 Be7 42. c7 Rc8 43. f4 f6 44. gxf6 Bxf6 45. Rc6 Kf7 46. Bb6 Ke7 47. Bxa5
Bc3 48. Kh4 Kd7 49. Kg5 Bd2 50. Kxf5 Rf8+ 51. Ke4 Kc8 52. Rxd6 1-0

[Event "?"]
[Site "?"]
[Date "????.??.??"]
[Round "?"]
[White "Günther, E."]
[Black "Gafke, M."]
[Result "1-0"]
[WhiteElo "2039"]
[BlackElo "1872"]
[Annotator "124"]
[PlyCount "111"]
[EventDate "2010.??.??"]
[WhiteTeam "Dresden-Striesen"]
[BlackTeam "Stiftg BSW/DBAG 4"]

1. e4 c5 2. Nf3 d6 3. d4 cxd4 4. Nxd4 Nf6 5. Nc3 a6 6. f4 g6 7. Be2 Bg7 8. Be3
Bd7 9. O-O O-O 10. Bf3 Nc6 11. e5 Nxd4 12. Bxd4 Ne8 13. Bxb7 Rb8 14. Bxa6 Qa5
15. Be2 dxe5 16. fxe5 Be6 17. Ne4 Bxe5 18. Bxe5 Qxe5 19. Bf3 Qxb2 20. c3 Ng7
21. Qc1 Nf5 22. Qxb2 Rxb2 23. Rf2 Rb6 24. a4 Nh4 25. Be2 Ra8 26. a5 Rb7 27. Nc5
Rba7 28. a6 Bd5 29. c4 Bc6 30. g3 Nf5 31. Bf3 Bxf3 32. Rxf3 Nd6 33. Rc3 Rc8 34.
Ra5 Kf8 35. Kf2 Ke8 36. Ke2 Kd8 37. Kd3 Kc7 38. Na4 Kd7 39. Nb6+ Kc7 40. Nxc8
Nxc8 41. Rb3 Kc6 42. c5 e5 43. Rb8 Kc7 44. Rb1 Ne7 45. g4 f5 46. gxf5 gxf5 47.
Rg1 Ng6 48. Rg5 f4 49. Rf5 Kc8 50. c6 Ne7 51. Rf7 Nxc6 52. Rxa7 Nxa7 53. Rxe5
Kd7 54. Rh5 Nc6 55. Rxh7+ Kc8 56. a7 1-0

[Event "?"]
[Site "?"]
[Date "????.??.??"]
[Round "?"]
[White "Hollstein, J."]
[Black "Dahl, I."]
[Result "0-1"]
[WhiteElo "2020"]
[BlackElo "1949"]
[Annotator "125"]
[PlyCount "97"]
[EventDate "2010.??.??"]
[WhiteTeam "Stiftg BSW/DBAG 2"]
[BlackTeam "Blindern Oldtimers"]

1. d4 e6 2. Nf3 Nf6 3. e3 b6 4. Bd3 Bb7 5. O-O c5 6. Nbd2 Nc6 7. c3 Be7 8. e4
d5 9. e5 Nd7 10. Re1 cxd4 11. cxd4 Nb4 12. Bb1 a5 13. a3 Nc6 14. Nf1 b5 15. Be3
Nb6 16. N3d2 Nc4 17. Qg4 Bf8 18. Nxc4 bxc4 19. Bc2 Qb6 20. Rab1 Ba6 21. Red1
Rb8 22. Ng3 g6 23. h4 h5 24. Qh3 Rg8 25. Ne2 Qc7 26. Nf4 Ne7 27. Ne2 Bc8 28.
Bd2 Nf5 29. Bxf5 exf5 30. Nf4 Be6 31. Qf3 Qd8 32. Qg3 Be7 33. Qc3 a4 34. g3 Rb3
35. Qa5 Qxa5 36. Bxa5 Kd7 37. Bc3 Bxa3 38. Ra1 Bxb2 39. Bxb2 Rxb2 40. Rxa4 Rgb8
41. Ra7+ R8b7 42. Rxb7+ Rxb7 43. Ra1 Kc6 44. Kf1 Rb2 45. Ra5 Rd2 46. Rc5+ Kb7
47. Ne2 Rd1+ 48. Kg2 Kb6 49. f3 0-1

[Event "?"]
[Site "?"]
[Date "????.??.??"]
[Round "?"]
[White "Lerstad, B."]
[Black "Koksch, G."]
[Result "1/2-1/2"]
[WhiteElo "1825"]
[BlackElo "2104"]
[Annotator "126"]
[PlyCount "67"]
[EventDate "2010.??.??"]
[WhiteTeam "Blindern Oldtimers"]
[BlackTeam "Stiftg BSW/DBAG 2"]

1. d4 e6 2. c4 f5 3. Nc3 Nf6 4. g3 Bb4 5. Bd2 O-O 6. e3 Bxc3 7. Bxc3 Ne4 8. Bb4
c5 9. Bc3 Nxc3 10. bxc3 Qc7 11. Nf3 b6 12. Be2 d6 13. O-O Nc6 14. d5 exd5 15.
cxd5 Ne7 16. c4 Bd7 17. Qd3 Ng6 18. a4 Rab8 19. Qc3 Rfe8 20. Rfe1 a6 21. Bd3
Qc8 22. Qc2 Ne7 23. Reb1 Rf8 24. Rb2 Qe8 25. Qb1 Nc8 26. Qc2 g6 27. Kg2 h6 28.
Nh4 Kh7 29. Nf3 Ne7 30. Qb1 Nc8 31. Qc2 Rf7 32. h4 Rf6 33. Qd2 Kg8 34. Qc2
1/2-1/2